La via domitia et les voies romaines : découverte guidée en pays catalan /

Disimpan dalam:
Butiran Bibliografi
Pengarang Utama: Castellvi, Georges.
Format: Buku
Bahasa:French
Diterbitkan: Canet : Perpignan : Trabucaire; Centre départemental de documentation pédagogique, 2011.
Siri:Routes et chemins.
Subjek-subjek:
Penanda-penanda: Tambah Penanda
Tiada Penanda, Jadilah orang pertama menanda rekod ini!
LEADER 01074cam a2200325Mi 4500
001 012995628-7
005 20120309192240.0
008 110419s2011 fr 000 0 fre d
020 |a 9782849741238 
020 |a 284974123X 
035 0 |a ocn733443811 
040 |a TZT  |c TZT  |d AUXAM  |d ZCU 
043 |a e-fr--- 
050 1 4 |a DC611.P984  |b C37 2011 
072 7 |a DC  |2 lcco 
082 1 4 |a 944  |2 1 
100 1 |a Castellvi, Georges. 
245 1 3 |a La via domitia et les voies romaines :  |b découverte guidée en pays catalan /  |c Georges Castellvi. 
260 |a Canet :  |b Trabucaire;  |a Perpignan :  |b Centre départemental de documentation pédagogique,  |c 2011. 
300 |a 103 p. ;  |c 22 cm. 
490 1 |a Routes et chemins 
651 0 |a Pyrénées-Orientales (France)  |x Antiquities, Roman. 
653 |a Roman roads  |a Roussillon  |a Archaeology 
650 0 |a Roads, Roman  |z France  |z Pyrénées-Orientales. 
650 0 |a Romans  |z France  |z Pyrénées-Orientales. 
651 0 |a Via Domitia (France) 
830 0 |a Routes et chemins. 
899 |a 415_565960 
988 |a 20111207 
906 |0 OCLC